Alfie : el seductor irrestible = Alfie /

Gardado en:
Detalles Bibliográficos
Autor Principal: Shyer, Charles (realización)
Outros autores: Pope, Elaine (guión) (guión), Shyer, Charles (guión) (guión), Rowe, Ashley (fotógrafo) (fotógrafo), McKinley, Padraic (montaje) (montaje), Jagger, Mick (música) (música), Powell, John (música) (música), Law, Jude (actuación) (actuación), Taylor, Renée (actuación) (actuación), Krakowski, Jane (actuación) (actuación), Shyer, Charles (comentarios) (comentarios), Pope, Elaine (comentarios) (comentarios), McKinley, Padraic (comentarios) (comentarios), Stewart, Dave (idea original) (idea original), Jagger, Mick (idea original) (idea original), Shyer, Charles (idea original) (idea original)
Formato: Deslizar
Idioma:inglés
Publicado: EUA : Los Angeles, EUA : Patalex Productions ; Paramount Pictures, 2004, c2004
Series:(Paramount Collection)
Temas:
Etiquetas: Engadir etiqueta
Sen Etiquetas, Sexa o primeiro en etiquetar este rexistro!

MARC

LEADER 00000ngm^a2200000^a^4500
001 000186965
005 20250521000000.0
009 20260310102244.033
037 |a Acervo ITESO - Biblioteca 
041 |a ING 
082 |a 810.  |b SHY 
100 |a Shyer, Charles  |e (realización) 
240 1 1 |a [Alfie: el seductor irresistible, de Charles Shyer] 
245 1 0 |a Alfie :  |b el seductor irrestible = Alfie /  |c Realización de C. Shyer. 
264 4 |a EUA :  |b Patalex Productions ;  |a Los Angeles, EUA :  |b Paramount Pictures,  |c 2004, c2004 
264 2 |a México :  |b Paramount Pictures [distribución],  |c 2005, c2005 
300 |a 1 DVD región 4  |c (105, 16, 11, 12, 13 min.) 
336 |a imagen móvil bidimensional  |b tdi  |2 rdacontenido 
337 |a video  |b v  |2 rdamedio 
338 |a videodisco  |b vd  |2 rdasoporte 
440 1 |a (Paramount Collection) 
500 |a Basado en: Alfie, de Bill Naughton 
546 |a En inglés, con subtítulos opcionales: español, inglés 
546 |a Doblaje opcional: español 
649 |a XX 
650 |a Solteros en el Cine 
650 |a Solteros -  |x Condiciones Sociales y Culturales 
650 |a Hombres en el Cine 
650 |a Hombres -  |x Condiciones Sociales y Culturales 
650 |a Ingleses en Nueva York, EUA 
650 |a Ingleses en EUA 
650 |a Comedias Románticas 
650 |a Comedias Cinematográficas 
650 |a Remake (Medios Audiovisuales) 
650 |a Making Of (Documentales detrás de Cámaras) 
650 |a Cine Norteamericano -  |y 2000-2009 
650 |a Cine Norteamericano -  |y Siglo XXI 
650 |a Cine Norteamericano -  |x Historia y Crítica 
650 |a Teatro Irlandés -  |x Adaptaciones para Cine 
650 |a Teatro Inglés -  |x Adaptaciones para Cine 
650 |a Literatura Irlandesa -  |y Siglo XX -  |x Adaptaciones para Cine 
650 |a Literatura Inglesa -  |y Siglo XX -  |x Adaptaciones para Cine 
650 |a Literatura y Cine 
650 |a Paternidad 
650 |a Cortejo y Seducción 
650 |a Relaciones de Pareja -  |x Tema Principal 
650 |a Relaciones Intergénero -  |x Tema Principal 
650 |a Sexualidad 
650 |a Compromiso (Etica) -  |x Tema Principal 
650 |a Hedonismo 
650 |a Nueva York, EUA en el Cine 
740 0 |a Mesa redonda de Alfie =  |b Round Table of Alfie / 
740 3 |a El mundo de Alfie =  |b The World of Alfie / 
740 4 |a Las mujeres de Alfie =  |b The Women of Alfie / 
740 0 |a Que entre la música =  |b Alfie : Let’ the Music in /  |c Realización de C. Shyer ; idea original de D. Stewart, M. Jagger, C. Shyer. 
700 |a Pope, Elaine  |e (guión) 
700 |a Shyer, Charles  |e (guión) 
700 |a Rowe, Ashley  |e (fotógrafo) 
700 |a McKinley, Padraic  |e (montaje) 
700 |a Jagger, Mick  |e (música) 
700 |a Powell, John  |e (música) 
700 |a Law, Jude  |e (actuación) 
700 |a Taylor, Renée  |e (actuación) 
700 |a Krakowski, Jane  |e (actuación) 
700 |a Shyer, Charles  |e (comentarios) 
700 |a Pope, Elaine  |e (comentarios) 
700 |a McKinley, Padraic  |e (comentarios) 
700 |a Stewart, Dave  |e (idea original) 
700 |a Jagger, Mick  |e (idea original) 
700 |a Shyer, Charles  |e (idea original) 
910 |a Fondo General 
920 |a Audiovisuales - DVDs 
940 |a Películas 
905 |a 302 
901 |a 0500094054  |b IT2  |c DVS  |u 20250521 
902 |a https://opac.biblio.iteso.mx/vufind/Record/000186965